00396nam a2200133Ia 4500003000400000008004100004020002400045040000800069100002000077245010000097260004000197300001300237365001200250LDD181029s9999 xx 000 0 und d a8185589305c1295.00 cLDD aThangarajan, M. 0aGroundwaterbresources evaluation, augmentation, contamination, restoration, mocM. Thangarajan aNew DelhibCapital Publishingc2006 ax, 362p. b1295.00